01492cam a22004334i 4500003000900000005001700009008004100026035001900067035001900086040003300105082001800138100004500156245010800201264009200309300005600401336002100457337002500478338002300503490006400526500007000590505012600660526001000786526001000796526000900806526000900815526000900824526000900833526000900842526000900851526000900860526000800869526000800877526000800885526000800893526000800901650003500909700003700944710007700981PE-LiUPU20250731165550.0150625s r 000 0 d a(Sirsi) a34421 a(Sirsi) a34421 aPE-LiUPUbspacPE-LiUPUerda04a985.04bD2231 aPons Muzzo, Gustavo,d1916-2008,eautor.10aSimbolos de la Patria /cinvestigación, recopilación, edición y prólogo por Gustavo Pons Muzzo. 1aLima :bComisión Nacional del Sesquicentenario de la Independencia del Perú,c1974. a416 páginas :bilustraciones ;c24 centímetros. atext2rdacontent aunmediated2rdamedia avolume2rdacarrier0 aColección Documental de la Independencia del Perú ;v10 aAño del sesquicentenario de las batallas de Junín y Ayacucho. aBandera nacional, escudo, gran sello del estado, pabellón, estandarte y escarapela -- Himno nacional, letra y música. aSEG44 aSEG26 aP151 aP150 aP149 aP146 aP145 aP126 aP125 aP92 aP75 aP74 aP27 aP1504aSímbolos nacionaleszPerú.1 aPons Muzzo, Gustavo,d1916-2008.2 a.Comisión Nacional del Sesquicentenario de la Independencia del Perú